00420 2200157 4500245006000000020002200060250001100082100001700093650002700110005001900137260003100156041001400187084001000201300004200211336000900253 aSehat Dengan Rempah Dan Bumbu DapurcMade AstawanhText a978-623-241-372-6 aCet. 1 aMade Astawan aRempah dan Bumbu Dapur a20241010094636 bPenerbit Buku Kompasc2020 aIndonesia a633.8 aviii+224 (232 hlm.) :c13 cm × 19 cm atext